Croatia Squad Euro 2024 - Statistics

General Stats
  • This quiz has been taken 127 times
  • The average score is 18 of 26
Answer Stats
Club Position Answer % Correct
Man City DF Josko Gvardiol
98%
Real Madrid MF Luka Modric
98%
Fenerbahce GK Dominik Livakovic
97%
Man City MF Mateo Kovacic
96%
Al-Nassr MF Marcelo Brozovic
94%
Hoffenheim FW Andrej Kramaric
88%
Bayer Leverkusen DF Josip Stanisic
80%
Osasuna FW Ante Budimir
78%
Rijeka FW Marco Pasalic
78%
Atalanta MF Mario Pasalic
78%
Dinamo Zagreb FW Bruno Petkovic
75%
Hajduk Split FW Ivan Perisic
75%
Ajax DF Josip Sutalo
70%
Wolfsburg MF Lovro Majer
69%
Ajax DF Borna Sosa
63%
AEK Athens DF Domagoj Vida
61%
RB Salzburg MF Luka Sucic
60%
Torino MF Nikola Vlasic
60%
Union Berlin DF Josip Juranovic
59%
Sassuolo DF Martin Erlic
54%
Dinamo Zagreb MF Martin Baturina
48%
Lecce DF Marin Pongracic
44%
Feyenoord MF Luka Ivanusec
41%
Rijeka FW Marko Pjaca
39%
Pafos GK Ivica Ivusic
38%
Rijeka GK Nedilijko Labrovic
32%
No matching quizzes found
Score Distribution
Percent of People with Each Score
Percentile by Number Answered
Your Score History
You have not taken this quiz